000 00987nam a22002897a 4500
001 BR9704919
003 BR-BrBNA
005 20230928095743.0
007 ta
008 230509b bl.||||| |||| 00| 0 por d
040 _aBR-BrBNA
_bpor
_cBiblioteca Nacional de Agricultura
041 _a(Por)
072 _aU40; P31
090 _ U40 BR9704919
100 1 _aSouza, L.C. de P.
110 1 _aEscola Superior de Agricultura Luiz de Queiroz, Piracicaba, SP (Brasil)
_0Tese (Doutor em Agronomia)
245 1 _aUtilizacao de dados digitais TM/LANDSAT e analise de agrupamentos na delimitacao das unidades de solos da planicie de inundacao do rio Ivai-PR
260 3 _aPiracicaba, SP (Brasil):
_c1997.
300 _a143 p.
500 _aBibliography p. 104-115; 121 tables; 22 illus.; Summaries (Eng, Por)
650 _aReconhecimento do Solo
650 _aSensoriamento Remoto
650 _aVarzea
650 _aParana
909 _a202309
_bLucia
_c55
_dLucia Elande
942 _cBK
999 _c58473
_d58473